[Event "Chepukaitis Memorial blitz prelim"]
[Site "St Petersburg"]
[Date "2013.09.07"]
[Round "3"]
[White "Levin, Evgeny A"]
[Black "Sotsky, Alexander"]
[Result "1-0"]
[WhiteElo "2505"]
[BlackElo "2384"]
[PlyCount "43"]
[EventDate "2013.09.07"]
[EventType "swiss (blitz)"]
[EventRounds "11"]
[EventCountry "RUS"]
[SourceTitle "CBM 156 Extra"]
[Source "ChessBase"]
[SourceDate "2013.10.22"]
[SourceVersion "1"]
[SourceVersionDate "2013.10.22"]
[SourceQuality "1"]

1. d4 e6 2. Nf3 d5 3. c4 f5 4. Bf4 Nf6 5. e3 Be7 6. Nc3 0-0 7. Bd3 Ne4 8. Qc2 c6 9. g4 Nxc3 10. bxc3 dxc4 11. Bxc4 b5 12. Bb3 Kh8 13. Rg1 c5 14. dxc5 Bxc5 15. gxf5 Rxf5 16. Qe4 Qf6 17. Be5 Rxe5 18. Nxe5 Bd6 19. Rd1 Nd7 20. Qxa8 Bxe5 21. Qxc8+ Nf8 22. Rd8 1-0

[Event "Chepukaitis Memorial blitz prelim"]
[Site "St Petersburg"]
[Date "2013.09.07"]
[Round "8"]
[White "Sotsky, Alexander"]
[Black "Lovkov, Roman"]
[Result "0-1"]
[WhiteElo "2384"]
[BlackElo "2461"]
[PlyCount "60"]
[EventDate "2013.09.07"]
[EventType "swiss (blitz)"]
[EventRounds "11"]
[EventCountry "RUS"]
[SourceTitle "CBM 156 Extra"]
[Source "ChessBase"]
[SourceDate "2013.10.22"]
[SourceVersion "1"]
[SourceVersionDate "2013.10.22"]
[SourceQuality "1"]

1. d4 Nf6 2. Bg5 Ne4 3. Bh4 c5 4. f3 Qa5+ 5. c3 Nd6 6. dxc5 Qxc5 7. Bf2 Qc7 8. e4 Nc6 9. Nd2 g6 10. Nh3 Bg7 11. Nf4 0-0 12. Be2 b6 13. 0-0 Bb7 14. Nd5 Qd8 15. Qa4 Ne8 16. Bh4 f6 17. Ba6 Bxa6 18. Qxa6 e6 19. Ne3 Qe7 20. Rad1 Bh6 21. Bf2 f5 22. Rfe1 Qf7 23. exf5 gxf5 24. Nb3 Nf6 25. Nd4 Nxd4 26. Rxd4 Kh8 27. Red1 Rg8 28. Qc4 Rac8 29. Qb3 Qh5 30. Bg3 Bxe3+ 0-1

[Event "Keres Memorial rap qual 22nd"]
[Site "Tallinn"]
[Date "2013.01.11"]
[Round "4"]
[White "Haitin, Ilja"]
[Black "Sotsky, Alexander"]
[Result "0-1"]
[WhiteElo "2281"]
[BlackElo "2396"]
[PlyCount "70"]
[EventDate "2013.01.11"]
[EventType "swiss"]
[EventRounds "7"]
[EventCountry "EST"]
[SourceTitle "CBM 152 Extra"]
[Source "ChessBase"]
[SourceDate "2013.02.25"]
[SourceVersion "1"]
[SourceVersionDate "2013.02.25"]
[SourceQuality "1"]

1. f4 d5 2. Nf3 e6 3. g3 f5 4. Bg2 Nf6 5. 0-0 Bc5+ 6. Kh1 0-0 7. c3 c6 8. d3 Nbd7 9. e3 a5 10. a4 Qe7 11. Qe2 b5 12. axb5 cxb5 13. b4 Bb6 14. bxa5 Rxa5 15. Rxa5 Bxa5 16. Nd4 Bb6 17. Nxb5 Ba6 18. Nd4 Rc8 19. Rd1 Nc5 20. Ba3 Qd7 21. Bxc5 Bxc5 22. Qd2 Kf7 23. h3 Qa4 24. g4 Bxd4 25. exd4 fxg4 26. Re1 h5 27. Qe3 Qd7 28. c4 dxc4 29. dxc4 Rxc4 30. f5 exf5 31. Nc3 Bb7 32. Bxb7 Qxb7+ 33. Kh2 Qc7+ 34. Kh1 Rxc3 35. Qe6+ Kg6 0-1